Formula One Winners - Statistics

General Stats
  • This quiz has been taken 109 times
    16 since last reset
  • The average score is 71 of 115
Answer Stats
Country Wins Active Answer % Correct
Brazil 41 1984-94 † Ayrton Senna
93%
Australia 8 2011-2022, 2024-Present Daniel Ricciardo
93%
Germany 1 1973-82 Jochen Mass
93%
Argentina 24 1950-51, 1953-58 Juan Manuel Fangio
93%
Australia 9 2002-13 Mark Webber
93%
Germany 23 2006-16 Nico Rosberg
93%
Austria 25 1971-79, 1982-85 Niki Lauda
93%
Australia 1 2023-Present Oscar Piastri
93%
France 51 1980-91, 1993 Alain Prost
86%
Spain 3 2015-Present Carlos Sainz
86%
Monaco 6 2018-Present Charles Leclerc
86%
United Kingdom 22 1992-99 Damon Hill
86%
France 1 2016-2018, 2020-Present Esteban Ocon
86%
Brazil 11 2002, 2004-17 Felipe Massa
86%
Spain 32 2001, 2003-18, 2021-Present Fernando Alonso
86%
United Kingdom 2 2019-Present George Russell
86%
Canada 6 1977-82 † Gilles Villeneuve
86%
United Kingdom 14 1958-75 † Graham Hill
86%
Canada 11 1996-06 Jacques Villeneuve
86%
Italy 1 1997-11 Jarno Trulli
86%
United Kingdom 15 2000-16, 2017 Jenson Button
86%
South Africa 10 1972-80 Jody Scheckter
86%
Colombia 7 2001-06 Juan Pablo Montoya
86%
Finland 5 1978-86 Keke Rosberg
86%
Finland 21 2001-09, 2012-2021 Kimi Räikkönen
86%
United Kingdom 1 2019-Present Lando Norris
86%
United Kingdom 105 2007-Present Lewis Hamilton
86%
Netherlands 61 2015-Present Max Verstappen
86%
Germany 91 1991-06, 2010-12 Michael Schumacher
86%
Finland 20 1991-01 Mika Häkkinen
86%
Brazil 23 1978-91 Nelson Piquet
86%
United Kingdom 31 1980-92, 1994-95 Nigel Mansell
86%
United States 3 1958-64, 1966 Phil Hill
86%
France 1 2017, 2017-Present Pierre Gasly
86%
Germany 6 1997-07 Ralf Schumacher
86%
Poland 1 2006-10, 2019 Robert Kubica
86%
Germany 53 2007-2022 Sebastian Vettel
86%
Mexico 6 2011-Present Sergio Pérez
86%
Finland 10 2013-Present Valtteri Bottas
86%
Australia 12 1975-81, 1983, 1985-86 Alan Jones
79%
Italy 13 1950-55 † Alberto Ascari
79%
New Zealand 8 1965-74 Denny Hulme
79%
Brazil 14 1970-80 Emerson Fittipaldi
79%
Italy 3 1996-09 Giancarlo Fisichella
79%
Italy 5 1950-55 Giuseppe Farina
79%
Australia 14 1955-70 Jack Brabham
79%
United Kingdom 27 1965-73 Jackie Stewart
79%
United Kingdom 25 1960-68 † Jim Clark
79%
Austria 6 1964-70 † Jochen Rindt
79%
United States (Italy) 12 1968-72, 1974-82 Mario Andretti
79%
France 1 1994-99, 2001-04 Olivier Panis
79%
Venezuela 1 2011-15 Pastor Maldonado
79%
United Kingdom 13 1994-08 David Coulthard
71%
Austria 10 1984-97 Gerhard Berger
71%
Finland 1 2007-12, 2013 Heikki Kovalainen
71%
United Kingdom 3 1952-58 Mike Hawthorn
71%
Sweden 10 1970-78 † Ronnie Peterson
71%
Brazil 11 1993-11 Rubens Barichello
71%
Switzerland 5 1970-80 Clay Regazzoni
64%
United Kingdom 4 1993-02 Eddie Irvine
64%
Belgium 8 1967-79 Jacky Ickx
64%
United Kingdom 10 1973-79 James Hunt
64%
France 1 1989-01 Jean Alesi
64%
United Kingdom 6 1960-72 John Surtees
64%
New Zealand 4 1959-70 † Bruce McLaren
57%
Argentina 12 1972-82 Carlos Reutemann
57%
Brazil 1 1972-77 † José Carlos Pace
57%
Italy 5 1981-94 Michele Alboreto
57%
France 2 1977-86 Patrick Tambay
57%
Mexico 2 1963-71 † Pedro Rodríguez
57%
France 7 1978-89 René Arnoux
57%
Italy 6 1977-93 Ricardo Patrese
57%
United Kingdom 16 1950-62 Stirling Moss
57%
Belgium 3 1983-93 Thierry Boutsen
57%
Italy 2 1979-86 Elio de Angelis
50%
France 1 1970-73 † François Cevert
50%
Germany 3 1994-03 Heinz-Harald Frentzen
50%
France 2 1974-75, 1977-81 Jean-Pierre Jabouille
50%
Italy 1 1986-90 Alessandro Nannini
43%
France 3 1978-82 Didier Pironi
43%
France 6 1974-86 Jacques Laffite
43%
France 1 1967-74 Jean-Pierre Beltoise
43%
United Kingdom 3 1989-00 Johnny Herbert
43%
Argentina 2 1950-57, 1960 José Froilán González
43%
France 2 1972, 1974-80 † Patrick Depailler
43%
Germany 2 1956-61 † Wolfgang von Trips
43%
United States 4 1959-68, 1970 Dan Gurney
36%
Italy 1 1950-51 † Luigi Fagioli
36%
Italy 1 1954-58 † Luigi Musso
36%
France 2 1950-64 Maurice Trintignant
36%
United Kingdom 3 1952-58 † Peter Collins
36%
United Kingdom 6 1956-61 Tony Brooks
36%
Sweden 1 1976-77 Gunnar Nilsson
29%
United Kingdom 1 1959-66 Innes Ireland
29%
United Kingdom 5 1973-83, 1985 John Watson
29%
Switzerland 2 1962-71 Jo Siffert
29%
United States 1 1950-51 Lee Wallard
29%
Italy 1 1961-67 † Lorenzo Bandini
29%
United Kingdom 1 1970-74 Peter Gethin
29%
United States 2 1964, 1971-74 † Peter Revson
29%
Italy 1 1950-56 Piero Taruffi
29%
United States 1 1960-67 Richie Ginther
29%
Italy 1 1974-80 Vittotio Brambilla
29%
United States 2 1951-55 † Bill Vukovich
21%
Italy 1 1961-67 Giancarlo Baghetti
21%
United States 1 1950, 1952-60 Jim Rathmann
21%
Sweden 1 1956-71 Joakim Bonnier
21%
Italy 1 1963-68 † Ludovico Scarfiotti
21%
United States 1 1952-60, 1963 Rodger Ward
21%
United States 1 1950-57 Sam Hanks
21%
United States 1 1952-56 † Bob Sweikert
14%
United States 1 1952-60 † Jimmy Bryan
14%
United States 1 1950-58 Johnnie Parsons
14%
United States 1 1950-59 Pat Flaherty
14%
United States 1 1950-52, 1954, 1956-58, 1960 Troy Ruttman
14%
No matching quizzes found
Score Distribution
Percent of People with Each Score
Percentile by Number Answered
Your Score History
You have not taken this quiz since the last reset